000 00614nam a2200193Ia 4500
005 20250507130305.0
008 008 250505s9999 xx 000 0 eng d
037 _aSeries Article
040 _aEASL
_beng
_cEASL
041 _aeng
_2eng
084 _qEASL
100 _aOyen Meredith
_9673897
245 0 _aRight of Return: Chinese displaced persons and the international refugees organization,1947-56
260 _aUSA
_bNew York Cambridge University Press U.K
_c2015
300 _a439-468 Pp.
650 _aAsian Studies; forum article
_9755095
942 _cSRA
999 _c1318806
_d1318806